Normal view MARC view

Entry Término temático

Number of records used in: 9

001 - NÚMERO DE CONTROL

  • campo de control: 233598

003 - IDENTIFICADOR DE NÚMERO DE CONTROL

  • campo de control: SpMaBN

005 - FECHA Y HORA DE LA ÚLTIMA TRANSACCIÓN

  • campo de control: 20230708162531.0

008 - ELEMENTOS DE DATO DE LONGITUD-FIJA

  • campo de control de longitud fija: 901201dn anznnbabn a ana

016 ## - NÚMERO DE CONTROL DE UNA AGENCIA BIBLIOGRÁFICA NACIONAL

  • Número de control del registro: BNE19900985675

024 7# - IDENTIFICADOR DE OTROS ESTÁNDARES

  • Número estándar o código: http://id.loc.gov/authorities/subjects/sh85067568
  • Fuente: lcsh

024 7# - IDENTIFICADOR DE OTROS ESTÁNDARES

  • Número estándar o código: http://data.bnf.fr/ark:/12148/cb11932135w
  • Fuente: rameau

040 ## - FUENTE DE CATALOGACIÓN

  • Centro catalogador/agencia de origen: SpMaBN
  • Lengua de catalogación: spa
  • Centro/agencia transcriptor: SpMaBN
  • Normas de descripción: rdc
  • Convención/Normas de encabezamiento de materia/tesauro: embne

042 ## - CÓDIGO DE AUTENTICACIÓN

  • Código de autenticación: 199703068512PCMPBC BNEP300

150 ## - ENCABEZAMIENTO--TÉRMINO DE MATERIA

  • Término de materia o nombre geográfico como elemento de entrada: Entrevistas

360 ## - REFERENCIA COMPLEJA DE VÉASE ADEMÁS-MATERIA

  • Texto explicativo: Véase además el subencabezamiento
  • Encabezamiento referido a: Entrevistas
  • Texto explicativo: bajo los nombres de las distintas personas y grupos de personas
  • Encabezamiento referido a: Delibes, Miguel (1920-2000)-Entrevistas
  • Encabezamiento referido a: Españoles-Entrevistas
  • Encabezamiento referido a: Escritores-Entrevistas

550 ## - TRAZADO VÉASE ADEMÁS--TÉRMINO DE MATERIA

  • Término de materia o nombre geográfico como elemento de entrada: Conversación

670 ## - FUENTE DE DATOS ENCONTRADOS

  • Cita de la fuente: LCSH;
  • Información encontrada: (Interviews)

670 ## - FUENTE DE DATOS ENCONTRADOS

  • Cita de la fuente: RAMEAU;
  • Información encontrada: (Entretiens)

670 ## - FUENTE DE DATOS ENCONTRADOS

  • Cita de la fuente: CSIC;
  • Información encontrada: (Entrevistas)

670 ## - FUENTE DE DATOS ENCONTRADOS

  • Cita de la fuente: WWW EMBNE, 8-7-2023;
  • Información encontrada: (Entrevistas)

750 #7 - ENTRADA DE ENLACE DE ENCABEZAMIENTO ESTABLECIDO--TÉRMINO DE MATERIA

  • Término de materia o nombre geográfico como elemento de entrada: Entretiens
  • Fuente del encabezamiento o término: rameau

750 #7 - ENTRADA DE ENLACE DE ENCABEZAMIENTO ESTABLECIDO--TÉRMINO DE MATERIA

  • Término de materia o nombre geográfico como elemento de entrada: Interviews
  • Fuente del encabezamiento o término: lcsh

954 ## - CATALOGADOR -ALTA REGISTRO

  • Nombre del catalogador: Inmaculada Vicente Garcia